Ernesto Sábato : 80 años /
Reseña de la vida del escritor Ernesto Sábato. Su familia. Reportajes. Su obra pictórica. Imágenes de películas basadas en sus obras.
Guardado en:
| Autor Principal: | |
|---|---|
| Formato: | |
| Materias: | |
| Etiquetas: |
Agregar Etiqueta
Sin Etiquetas, Sea el primero en etiquetar este registro!
|
| LEADER | 00907ngm a22002655g 4500 | ||
|---|---|---|---|
| 001 | CEM.cems021941 | ||
| 008 | 130507b1993##################0###0#####d | ||
| 005 | 20240920153534.0 | ||
| 245 | 1 | 0 | |a Ernesto Sábato : |b 80 años / |c Marina Fernández. |
| 300 | |a 37'. | ||
| 500 | |a En soporte VHS, consultar en ventanilla. | ||
| 520 | |a Reseña de la vida del escritor Ernesto Sábato. Su familia. Reportajes. Su obra pictórica. Imágenes de películas basadas en sus obras. | ||
| 538 | |a Soporte: VHS - Norma: Pal N - Color - Grabación DRD 1993 - Hitachi=0000 | ||
| 100 | 1 | |a Fernández, Marina | |
| 082 | A | 8 | |0 /SAB |
| 653 | |a FILOSOFIA | ||
| 653 | |a PERIODISMO | ||
| 653 | |a ARTE | ||
| 653 | |a LITERATURA | ||
| 653 | |a PINTURA | ||
| 653 | |a SABATO | ||
| 653 | |a ARGENTINA | ||
| 653 | |a NIVEL PRIMARIO | ||
| 653 | |a NIVEL SECUNDARIO | ||
| 859 | |a CEMS |b BIB. CEMS - Depto. Recursos Didacticos |h 860 |i SAB |k DRD |p 584.12 |t Ej.1 | ||
